Cruzando la línea roja: cuestiones no resueltas en el debate sobre los derechos sexuales /

En el presente apartado se hace referencia a cuestiones teóricas-conceptuales y políticas sobre los derechos sexuales, principalmente en el contexto latinoamericano. A su vez, se presenta un análisis sobre la cartografía de constitución de los sujetos sexuales y las agendas políticas, aportando sobr...

Fuld beskrivelse

Guardado en:
Bibliografiske detaljer
Hovedforfatter: Corrêa, Sonia
Format: Texto
Fag:
Tags: Tilføj Tag
Ingen Tags, Vær først til at tagge denne postø!

MARC

LEADER 00000 a a2200000 04500
001 41902
003
040 |a CRAI/IIS  |c CRAI/IIS 
100 |a Corrêa, Sonia  
245 |a Cruzando la línea roja:   |b cuestiones no resueltas en el debate sobre los derechos sexuales /  |c Sonia Corrêa  
520 |a En el presente apartado se hace referencia a cuestiones teóricas-conceptuales y políticas sobre los derechos sexuales, principalmente en el contexto latinoamericano. A su vez, se presenta un análisis sobre la cartografía de constitución de los sujetos sexuales y las agendas políticas, aportando sobre su vinculación a la legislación penal.  
590 |a SJB/NOVIEMBRE2011  
650 |a DERECHOS SEXUALES  
650 |a DERECHOS HUMANOS  
650 |a HOMOSEXUALIDAD  
650 |a CIUDADANIA  
650 |a ASPECTOS POLITICOS  
650 |a SEXUALIDAD  
650 |a LEGISLACION  
650 |a AMERICA LATINA  
773 |g (2008), páginas 25-55  
999 |c 20026  |d 20026